[Event "Mislata op 56th"]
[Site "Mislata"]
[Date "2023.08.15"]
[Round "3"]
[White "Renteria Becerra, Jorge Elicer"]
[Black "Cayon Pelaez, Pablo"]
[Result "1-0"]
[WhiteElo "2210"]
[BlackElo "1959"]
[PlyCount "151"]
[EventDate "2023.08.14"]
[EventType "swiss"]
[EventRounds "9"]
[EventCountry "ESP"]
[SourceTitle "CBM 215 Extra"]
[Source "ChessBase"]
[SourceDate "2023.09.30"]
[SourceVersion "1"]
[SourceVersionDate "2023.09.30"]
[SourceQuality "1"]

1. e4 c5 2. Nf3 e6 3. d4 cxd4 4. Nxd4 Nc6 5. Nc3 Qc7 6. g3 a6 7. Bg2 Nf6 8. 0-0 Be7 9. Re1 d6 10. Nxc6 bxc6 11. e5 dxe5 12. Rxe5 Nd5 13. Re4 Bb7 14. Rc4 Rd8 15. Qg4 0-0 16. Bh6 Qe5 17. Re4 Qf6 18. Bd2 Rd7 19. Na4 c5 20. c4 Nb4 21. Bc3 Qg6 22. Qxg6 hxg6 23. Re5 Nd3 24. Re2 Bxg2 25. Kxg2 Nb4 26. Bxb4 cxb4 27. Rc1 Rb8 28. b3 Rc7 29. Rd1 Kf8 30. Red2 Ke8 31. Kf3 Rbb7 32. Ke4 Bc5 33. Rd8+ Ke7 34. f3 Kf6 35. f4 g5 36. Ra8 Ra7 37. Rxa7 Bxa7 38. Rd6 Bg1 39. fxg5+ Kxg5 40. Kf3 e5 41. h4+ Kh5 42. Rxa6 f5 43. Rd6 Bd4 44. Rd5 g5 45. hxg5 Kxg5 46. Rb5 e4+ 47. Kg2 Kg4 48. Rd5 Bc3 49. Rd8 f4 50. gxf4 Kxf4 51. Kf2 e3+ 52. Ke2 Bd2 53. Nb6 Ra7 54. Na4 Rh7 55. Kd3 Rh2 56. c5 Bc1 57. Rf8+ Ke5 58. Kc4 Bd2 59. Re8+ Kf4 60. Kd3 Bc1 61. c6 Rd2+ 62. Kc4 e2 63. Nc5 Rc2+ 64. Kb5 Rxc5+ 65. Kxc5 Be3+ 66. Kb5 e1Q 67. Rf8+ Ke5 68. c7 Qe2+ 69. Ka5 Qxa2+ 70. Kb5 Qe2+ 71. Ka5 Bb6+ 72. Kxb6 Qe3+ 73. Kb7 Qc5 74. Re8+ Kd6 75. c8Q Qb5+ 76. Ka7 1-0

[Event "Sueca op 7th"]
[Site "Sueca"]
[Date "2023.08.09"]
[Round "4"]
[White "Balada Moreno, Jose Luis"]
[Black "Renteria Becerra, Jorge Elicer"]
[Result "0-1"]
[WhiteElo "1980"]
[BlackElo "2210"]
[PlyCount "60"]
[EventDate "2023.08.07"]
[EventType "swiss"]
[EventRounds "9"]
[EventCountry "ESP"]
[SourceTitle "CBM 215 Extra"]
[Source "ChessBase"]
[SourceDate "2023.09.30"]
[SourceVersion "1"]
[SourceVersionDate "2023.09.30"]
[SourceQuality "1"]

1. e4 c5 2. Nc3 Nc6 3. f4 g6 4. Nf3 Bg7 5. Bb5 d6 6. d3 Bd7 7. Bc4 Na5 8. Bd2 Nxc4 9. dxc4 Nf6 10. Qe2 0-0 11. 0-0-0 a6 12. h3 b5 13. g4 bxc4 14. e5 Ne8 15. Ng5 Bc6 16. e6 f5 17. Nf7 Qb6 18. gxf5 Rb8 19. b3 cxb3 20. cxb3 Qb4 21. Nb1 Qd4 22. Be3 Qe4 23. fxg6 hxg6 24. Ng5 Qf5 25. Rh2 Nc7 26. Bd2 Nd5 27. Rf2 c4 28. Rf3 cxb3 29. axb3 Nb4 30. Bxb4 Bxf3 0-1

[Event "Madrid-chT Honor 2223"]
[Site "Madrid"]
[Date "2022.12.11"]
[Round "3.5"]
[White "Sanchez Alvares, Kelvin Antonio"]
[Black "Renteria Becerra, Jorge Elicer"]
[Result "1-0"]
[WhiteElo "2250"]
[BlackElo "2209"]
[PlyCount "67"]
[EventDate "2022.11.20"]
[EventType "team-tourn"]
[EventRounds "14"]
[EventCountry "ESP"]
[SourceTitle "EXT 2024"]
[Source "ChessBase"]
[SourceDate "2023.10.10"]
[SourceVersion "1"]
[SourceVersionDate "2023.10.10"]
[SourceQuality "1"]
[WhiteTeam "Villalba 64"]
[BlackTeam "Blanco y Negro"]
[WhiteTeamCountry "ESP"]
[BlackTeamCountry "ESP"]

1. d4 Nf6 2. c4 e6 3. Nf3 b6 4. g3 Ba6 5. Qc2 d5 6. cxd5 exd5 7. Bg2 Bb4+ 8. Nc3 0-0 9. 0-0 c6 10. Rd1 Bb7 11. Bg5 Be7 12. Ne5 Nfd7 13. Bxe7 Qxe7 14. e4 Nxe5 15. dxe5 d4 16. Rxd4 Qxe5 17. Rd2 Na6 18. Rad1 Nb4 19. Qa4 a5 20. a3 b5 21. Qb3 Na6 22. Qc2 a4 23. Qd3 Rfe8 24. Qd6 Nc5 25. Qxe5 Rxe5 26. f4 Re7 27. e5 Kf8 28. Rd6 Rc7 29. Rc1 Nb3 30. Rc2 Na1 31. Nxb5 Nxc2 32. Nxc7 Rc8 33. Rd7 Ne3 34. e6 1-0

[Event "La Roda op 48th"]
[Site "La Roda"]
[Date "2022.04.17"]
[Round "8"]
[White "Renteria Becerra, Jorge Elicer"]
[Black "Bernal Moro, Luis Javier"]
[Result "1/2-1/2"]
[WhiteElo "2264"]
[BlackElo "2415"]
[PlyCount "37"]
[EventDate "2022.04.13"]
[EventType "swiss"]
[EventRounds "9"]
[EventCountry "ESP"]
[SourceTitle "CBM 207 Extra"]
[Source "ChessBase"]
[SourceDate "2022.05.31"]
[SourceVersion "1"]
[SourceVersionDate "2022.05.31"]
[SourceQuality "1"]

1. e4 c5 2. Nc3 Nc6 3. Nf3 e6 4. d4 cxd4 5. Nxd4 a6 6. Be3 Nf6 7. Nxc6 bxc6 8. e5 Nd5 9. Nxd5 cxd5 10. Bd3 Qc7 11. Bd4 Bc5 12. Qg4 Bxd4 13. Qxd4 a5 14. 0-0 Ba6 15. b3 Bxd3 16. cxd3 Rc8 17. Qe3 0-0 18. Rac1 Qb8 19. g3 1/2-1/2

[Event "La Roda op 48th"]
[Site "La Roda"]
[Date "2022.04.16"]
[Round "6"]
[White "Renteria Becerra, Jorge Elicer"]
[Black "Domingo Nunez, Ruben"]
[Result "1-0"]
[WhiteElo "2264"]
[BlackElo "2401"]
[PlyCount "161"]
[EventDate "2022.04.13"]
[EventType "swiss"]
[EventRounds "9"]
[EventCountry "ESP"]
[SourceTitle "CBM 207 Extra"]
[Source "ChessBase"]
[SourceDate "2022.05.31"]
[SourceVersion "1"]
[SourceVersionDate "2022.05.31"]
[SourceQuality "1"]

1. e4 c6 2. d4 d5 3. Nd2 dxe4 4. Nxe4 Nf6 5. Nxf6+ exf6 6. Bc4 Na6 7. Bxa6 Qa5+ 8. c3 Qxa6 9. Qe2+ Qxe2+ 10. Nxe2 Bd6 11. Bf4 Bxf4 12. Nxf4 Bf5 13. 0-0-0 Kd7 14. Rde1 h5 15. Kd2 h4 16. Re3 g5 17. Nd3 b6 18. Rhe1 Be6 19. b3 a5 20. c4 a4 21. Nb4 Kd6 22. Kc3 Ra5 23. Rf3 axb3 24. axb3 f5 25. Rfe3 Rha8 26. Rd3 f4 27. Rdd1 h3 28. Rg1 hxg2 29. Rxg2 f6 30. h4 f3 31. Rg3 gxh4 32. Rg6 Ra1 33. Rxa1 Rxa1 34. Rxf6 h3 35. Rh6 Kc7 36. d5 cxd5 37. cxd5 Bf5 38. d6+ Kd7 39. Nd5 h2 40. Nxb6+ Kc6 41. d7+ Kc7 42. Rxh2 Rc1+ 43. Kd2 Rc2+ 44. Ke3 Bxd7 45. Rh7 Kxb6 46. Rxd7 Rc3+ 47. Rd3 Rc8 48. Kxf3 Rf8+ 49. Ke2 Kc5 50. f3 Re8+ 51. Re3 Rf8 52. Re4 Kd5 53. Ke3 Rc8 54. Rd4+ Ke5 55. f4+ Kf5 56. Rd5+ Ke6 57. Re5+ Kd6 58. b4 Rc4 59. Re4 Rc3+ 60. Kd4 Rb3 61. Kc4 Rf3 62. Rd4+ Kc6 63. b5+ Kc7 64. Kc5 Rc3+ 65. Rc4 Rd3 66. f5 Rd6 67. Rf4 Rf6 68. Kd5 Kd7 69. Ke5 Rb6 70. Rb4 Ke7 71. Kd5 Kd7 72. Rb1 Rf6 73. Ke5 Rb6 74. Rd1+ Ke8 75. Rd5 Kf7 76. Kd4 Rh6 77. Kc5 Ke7 78. b6 Rh1 79. b7 Rb1 80. Kc6 Kf6 81. Rb5 1-0

[Event "Madrid-chT 2021"]
[Site "Madrid"]
[Date "2021.04.24"]
[Round "9.5"]
[White "Renteria Becerra, Jorge Elicer"]
[Black "Cuellar Gutierrez, Raul"]
[Result "0-1"]
[WhiteElo "2262"]
[BlackElo "1985"]
[PlyCount "76"]
[EventDate "2021.01.23"]
[EventType "team-tourn"]
[EventRounds "14"]
[EventCountry "ESP"]
[SourceTitle "EXT 2022"]
[Source "ChessBase"]
[SourceDate "2021.10.06"]
[SourceVersion "1"]
[SourceVersionDate "2021.10.06"]
[SourceQuality "1"]
[WhiteTeam "Blanco y Negro"]
[BlackTeam "Tajamar"]
[WhiteTeamCountry "ESP"]
[BlackTeamCountry "ESP"]

1. e4 e6 2. d4 d5 3. Nd2 c5 4. exd5 Qxd5 5. Ngf3 cxd4 6. Bc4 Qd8 7. 0-0 Nc6 8. Nb3 a6 9. Nbxd4 Nxd4 10. Nxd4 Qc7 11. Bd3 Bd6 12. h3 Ne7 13. c3 0-0 14. Qh5 f5 15. Qe2 e5 16. Bc4+ Kh8 17. Ne6 Bxe6 18. Bxe6 Rae8 19. Bb3 e4 20. Kh1 Ng6 21. Rd1 f4 22. f3 exf3 23. Qxf3 Qe7 24. Bd2 Nh4 25. Qg4 Nxg2 26. Qxg2 f3 27. Qg5 Qe2 28. Qg1 f2 29. Qg2 Rf6 30. Bc2 Ref8 31. Rf1 Qxd2 32. Be4 b6 33. Rab1 a5 34. c4 Rh6 35. Rbd1 Qe3 36. Rd3 Rxh3+ 37. Qxh3 Qxe4+ 38. Qg2 Qxd3 0-1

[Event "Madrid-chT 2021"]
[Site "Madrid"]
[Date "2021.01.23"]
[Round "1.4"]
[White "Porras Fernandez, Alberto"]
[Black "Renteria Becerra, Jorge Elicer"]
[Result "0-1"]
[WhiteElo "1977"]
[BlackElo "2262"]
[PlyCount "124"]
[EventDate "2021.01.23"]
[EventType "team-tourn"]
[EventRounds "14"]
[EventCountry "ESP"]
[SourceTitle "EXT 2022"]
[Source "ChessBase"]
[SourceDate "2021.10.06"]
[SourceVersion "1"]
[SourceVersionDate "2021.10.06"]
[SourceQuality "1"]
[WhiteTeam "Capablanca"]
[BlackTeam "Blanco y Negro"]
[WhiteTeamCountry "ESP"]
[BlackTeamCountry "ESP"]

1. e4 c5 2. Nf3 d6 3. d4 cxd4 4. Nxd4 Nf6 5. Nc3 a6 6. f3 e5 7. Nb3 Be7 8. Be3 Be6 9. Qd2 h5 10. 0-0-0 Nbd7 11. Be2 Rc8 12. g3 Qc7 13. Kb1 b5 14. Rc1 Nb6 15. Bxb6 Qxb6 16. h3 h4 17. Nd5 Bxd5 18. exd5 hxg3 19. f4 Ne4 20. Qd3 Nf2 21. Qxg3 Nxh1 22. Qxg7 Rf8 23. Rxh1 Qf2 24. Qg4 f5 25. Qh5+ Kd7 26. fxe5 dxe5 27. Rf1 Qh4 28. Rxf5 Qxh5 29. Rxh5 Kd6 30. a3 Rh8 31. Bg4 Rxh5 32. Bxc8 e4 33. c3 Rxd5 34. Kc2 Rg5 35. Bg4 Ke5 36. Nd4 Bc5 37. Ne2 Be3 38. Kb3 Bc5 39. a4 Rg8 40. axb5 axb5 41. Kc2 Rd8 42. Kb3 Rd2 43. Ka2 e3 44. Kb3 Be7 45. Bh5 Bf6 46. Bg4 Bh4 47. Bh5 Ke4 48. Bg4 Bf2 49. Bh5 Bh4 50. Bg4 Bg5 51. Bh5 Be7 52. Bg4 Bd6 53. Bh5 Rd5 54. Bg4 Kd3 55. Nd4 Bc5 56. Ne2 Kd2 57. Ng1 Ke1 58. Kc2 Kf1 59. Nf3 e2 60. b3 Rd8 61. c4 b4 62. Kc1 Rf8 0-1

[Event "Collado Villalba-A 37th"]
[Site "Collado Villalba"]
[Date "2020.08.24"]
[Round "4"]
[White "Renteria Becerra, Jorge Elicer"]
[Black "Ruiz Buendia, Miguel"]
[Result "0-1"]
[WhiteElo "2294"]
[BlackElo "2044"]
[PlyCount "103"]
[EventDate "2020.08.22"]
[EventType "tourn"]
[EventRounds "9"]
[EventCountry "ESP"]
[SourceTitle "CBM 198 Extra"]
[Source "ChessBase"]
[SourceDate "2020.11.30"]
[SourceVersion "1"]
[SourceVersionDate "2020.11.30"]
[SourceQuality "1"]

1. e4 c5 2. Nf3 d6 3. d4 Nf6 4. Nc3 cxd4 5. Nxd4 a6 6. h3 e5 7. Nde2 h5 8. Bg5 Be6 9. Bxf6 Qxf6 10. Nd5 Qd8 11. g3 g6 12. Bg2 Nc6 13. 0-0 Bg7 14. Nec3 Nd4 15. Ne3 Rc8 16. Ncd5 Bxd5 17. exd5 Bh6 18. c3 Bxe3 19. fxe3 Nf5 20. Rf3 Qg5 21. h4 Qg4 22. Qe1 Rc4 23. Qf2 Nh6 24. Rf1 Qd7 25. e4 0-0 26. Rf6 Rcc8 27. Qd2 Kg7 28. Qg5 Ng8 29. Kh2 Qe7 30. R6f2 Qxg5 31. hxg5 f6 32. Bh3 Rcd8 33. Be6 fxg5 34. Rf7+ Rxf7 35. Rxf7+ Kh6 36. Rxb7 Nf6 37. Rb4 g4 38. a4 Kg5 39. a5 h4 40. Rc4 hxg3+ 41. Kxg3 Rh8 42. b4 Rh3+ 43. Kf2 Kf4 44. b5 axb5 45. Rb4 Rxc3 46. a6 Ra3 47. Bc8 Nxe4+ 48. Ke2 g3 49. Bh3 Rxa6 50. Bg2 Ra2+ 51. Kf1 Ra4 52. Rxb5 0-1

[Event "Collado Villalba-A 37th"]
[Site "Collado Villalba"]
[Date "2020.08.22"]
[Round "2"]
[White "Renteria Becerra, Jorge Elicer"]
[Black "Centeno Mendoza, Julio Stefano"]
[Result "1-0"]
[WhiteElo "2294"]
[BlackElo "1867"]
[PlyCount "63"]
[EventDate "2020.08.22"]
[EventType "tourn"]
[EventRounds "9"]
[EventCountry "ESP"]
[SourceTitle "CBM 198 Extra"]
[Source "ChessBase"]
[SourceDate "2020.11.30"]
[SourceVersion "1"]
[SourceVersionDate "2020.11.30"]
[SourceQuality "1"]

1. e4 e5 2. Nf3 Nc6 3. d4 exd4 4. Bc4 Nf6 5. e5 d5 6. Bb5 Ne4 7. Nxd4 Bc5 8. Be3 0-0 9. Nxc6 bxc6 10. Bxc5 Nxc5 11. Bxc6 Bb7 12. Bxb7 Nxb7 13. 0-0 Re8 14. Re1 Nc5 15. Nd2 c6 16. b3 Qc7 17. Nf3 Nd7 18. Qd4 Re6 19. Re3 Rae8 20. Rae1 Qa5 21. h3 Qxa2 22. Ra1 Qxc2 23. Rxa7 R6e7 24. Rc3 Qb1+ 25. Kh2 Qg6 26. b4 Nxe5 27. Nxe5 Qd6 28. Rxe7 Rxe7 29. Rxc6 Qb8 30. f4 f6 31. Qxd5+ Kh8 32. Re6 1-0

[Event "Madrid-ch final"]
[Site "Madrid"]
[Date "2020.07.22"]
[Round "5"]
[White "Quispe Arteaga, Gabriel"]
[Black "Renteria Becerra, Jorge Elicer"]
[Result "1-0"]
[WhiteElo "2397"]
[BlackElo "2308"]
[PlyCount "109"]
[EventDate "2020.07.18"]
[EventType "swiss"]
[EventRounds "7"]
[EventCountry "ESP"]
[SourceTitle "EXT 2021"]
[Source "ChessBase"]
[SourceDate "2020.10.23"]
[SourceVersion "1"]
[SourceVersionDate "2020.10.23"]
[SourceQuality "1"]

1. Nf3 Nf6 2. c4 g6 3. b3 Bg7 4. Bb2 0-0 5. g3 c5 6. Bg2 Nc6 7. 0-0 d6 8. d4 cxd4 9. Nxd4 Bd7 10. e3 Qa5 11. Nc3 Rfc8 12. Rc1 a6 13. a3 Rab8 14. b4 Qd8 15. Qe2 Ne5 16. Ne4 Nxe4 17. Bxe4 b5 18. cxb5 axb5 19. Rxc8 Qxc8 20. Rc1 Qe8 21. Bd5 e6 22. Ba2 d5 23. Nb3 Nc4 24. Bxg7 Kxg7 25. Nc5 Bc6 26. a4 bxa4 27. Bxc4 dxc4 28. Qxc4 Kg8 29. Qc3 Ra8 30. b5 Bxb5 31. Ne4 Qd8 32. Qe5 Ba6 33. Nf6+ Kf8 34. Nxh7+ Kg8 35. Nf6+ Kf8 36. Nd7+ Kg8 37. Rd1 Be2 38. Rd2 Bf3 39. Nf6+ Kf8 40. Rxd8+ Rxd8 41. Nh7+ Kg8 42. Nf6+ Kf8 43. Qc5+ Kg7 44. Ne8+ Rxe8 45. h3 Ra8 46. Qa3 Kg8 47. g4 Bc6 48. Kh2 Be8 49. Kg3 Rb8 50. h4 Rb3 51. Qe7 Bb5 52. h5 Kg7 53. h6+ Kxh6 54. Qxf7 a3 55. g5+ 1-0